Nghiên cứu ảnh hưởng của dinh dưỡng khoáng đến quá trình sinh trưởng phát triển cây đậu xanh (Vigna vadiata) trong điều kiện sinh thái đất nhiễm mặn tại xã Cẩm Thanh, thành phố Hội An, tỉnh Quảng Nam
Nghiên cứu xử lý bổ sung chế độ dinh dưỡng khoáng nhằm cải tạo, giảm
Đã lưu trong:
| 主要作者: | |
|---|---|
| 其他作者: | |
| 格式: | 图书 |
| 语言: | Vietnamese |
| 出版: |
Đà Nẵng
Đại học Đà Nẵng
2013
|
| 主题: | |
| 标签: |
添加标签
没有标签, 成为第一个标记此记录!
|
| Thư viện lưu trữ: | Mạng thư viện Đại học Đà Nẵng |
|---|
| LEADER | 01757nam a2200349 4500 | ||
|---|---|---|---|
| 001 | 000019202 | ||
| 003 | 15637 | ||
| 005 | 20140331150346.0 | ||
| 008 | 140331s2013 viesd | ||
| 041 | |a vie | ||
| 082 | 1 | 4 | |a 583.177 |b LÊ-L |
| 100 | |a Lê Thị Kim Lành | ||
| 245 | |a Nghiên cứu ảnh hưởng của dinh dưỡng khoáng đến quá trình sinh trưởng phát triển cây đậu xanh (Vigna vadiata) trong điều kiện sinh thái đất nhiễm mặn tại xã Cẩm Thanh, thành phố Hội An, tỉnh Quảng Nam |c Lê Thị Kim Lành ; Nguyễn Tấn Lê hướng dẫn. |k Luận văn Thạc sĩ | ||
| 260 | |a Đà Nẵng |b Đại học Đà Nẵng |c 2013 | ||
| 300 | |a 76 tr., phụ lục 11 tr. |b Hình mh. |c 29 cm. |e Tóm tắt | ||
| 500 | |a Luận văn thạc sĩ Khoa học. Chuyên ngành : Sinh Thái học. Mã số: 60.42.60. | ||
| 520 | |a Nghiên cứu xử lý bổ sung chế độ dinh dưỡng khoáng nhằm cải tạo, giảm | ||
| 650 | 0 | 4 | |a Cây đậu xanh (Vigna vadiata) |v Luận văn tốt nghiệp |x Nghiên cứu |x Đất nhiễm mặn |z Hội An - Quảng Nam |
| 653 | |a Cây đậu xanh (Vigna vadiata) | ||
| 653 | |a Đất nhiễm mặn | ||
| 653 | |a Sinh thái học | ||
| 700 | |a Nguyễn Tấn Lê |c PGS.TS |e Hướng dẫn | ||
| OWN | |a LSP | ||
| AVA | |a UDN50 |b LSP |d 583.177 LÊ-L |e available |t Error 5001 Not defined in file expand_doc_bib_avail. |f 1 |g 0 |h N |i 0 |k 1 | ||
| 999 | |a From the UDN01 | ||
| AVA | |a UDN50 |b LSP |d 583.177 LÊ-L |e available |t Error 5001 Not defined in file expand_doc_bib_avail. |f 1 |g 0 |h N |i 0 |k 1 | ||
| TYP | |a Monograph | ||
| TYP | |a Printed language | ||
| 980 | |a Mạng thư viện Đại học Đà Nẵng | ||